[Event "AUTO-INT-1078"]
[Site "http://www.queenalice.com/game.php?id=481016"]
[Date "2008.10.22"]
[Round "1"]
[White "Molli_Jaschin"]
[Black "mungo"]
[Result "1-0"]
[WhiteElo "1677"]
[BlackElo "1307"]

1. e4 e5 2. Nf3 Nc6 3. Bb5 a6 4. Ba4 Bc5 5. O-O Nf6 6. c3 O-O 7. d4 exd4 8. cxd4
Bb6 9. Nc3 d6 10. Bxc6 bxc6 11. Bg5 h6 12. Bxf6 Qxf6 13. e5 Qg6 14. Nh4 1-0

[Event "AUTO-INT-1078"]
[Site "http://www.queenalice.com/game.php?id=481017"]
[Date "2008.10.22"]
[Round "1"]
[White "mungo"]
[Black "Molli_Jaschin"]
[Result "0-1"]
[WhiteElo "1308"]
[BlackElo "1675"]

1. d4 Nf6 2. Bf4 e6 3. Nc3 Bb4 4. a3 Bxc3+ 5. bxc3 d5 6. e3 Nc6 7. Bb5 Bd7 8.
Bxc6 Bxc6 9. Nf3 Ne4 10. Qd3 O-O 11. O-O a6 12. h3 Bb5 13. Qd1 Nxc3 0-1

[Event "Challenge"]
[Site "http://www.queenalice.com/game.php?id=487585"]
[Date "2008.11.4"]
[Round "-"]
[White "patrick"]
[Black "Molli_Jaschin"]
[Result "0-1"]
[WhiteElo "1554"]
[BlackElo "1657"]

1. e4 e5 2. Nf3 Nc6 3. Ng5 Qxg5 4. h4 Qf4 5. g3 Qxe4+ 6. Be2 Qxh1+ 7. Bf1 d5 8.
d4 Nxd4 9. Kd2 Nf3+ 10. Ke2 Nf6 11. Nc3 d4 12. Nb5 Nd5 13. c4 Ng1+ 14. Kd2 Qe4
15. Bd3 Nf3+ 16. Kc2 Ne1+ 17. Kb3 Nxd3 18. cxd5 Qxd5+ 19. Ka4 Qc4+ 20. Ka5 Qb4#
0-1

[Event "AUTO-OPEN-1393"]
[Site "http://www.queenalice.com/game.php?id=518432"]
[Date "2009.1.7"]
[Round "1"]
[White "MarcosT"]
[Black "Molli_Jaschin"]
[Result "0-1"]
[WhiteElo "1837"]
[BlackElo "1687"]

1. e4 e5 2. Bc4 Nf6 3. d4 exd4 4. Nf3 Nxe4 5. Qxd4 Nf6 6. Bg5 Be7 7. Bxf6 Bxf6
8. Qe4+ Qe7 9. Qxe7+ Bxe7 10. O-O O-O 11. Re1 Nc6 12. Nc3 d6 13. Nd5 Bd8 14. Re2
Bg4 15. Re3 Bxf3 16. Rxf3 Ne5 17. Re3 Nxc4 18. Rc3 Nxb2 19. Rb1 Na4 20. Ra3 Nc5
21. c4 c6 22. Ne3 Bg5 23. g3 Rfe8 24. Nf5 Re6 25. h4 Bf6 26. Kg2 a6 27. Rd1 Rd8
28. Re3 Rxe3 29. Nxe3 Ne4 30. Ng4 b6 31. Nxf6+ Nxf6 32. a4 d5 33. cxd5 Rxd5 0-1

[Event "AUTO-OPEN-1393"]
[Site "http://www.queenalice.com/game.php?id=518433"]
[Date "2009.1.7"]
[Round "1"]
[White "Molli_Jaschin"]
[Black "MarcosT"]
[Result "0-1"]
[WhiteElo "1700"]
[BlackElo "1826"]

1. e4 c5 2. Nf3 Nc6 3. d4 cxd4 4. Nxd4 g6 5. c4 Bg7 6. Be3 Nf6 7. Nc3 d6 8. Be2
Nxd4 9. Bxd4 e5 10. Be3 O-O 11. O-O b6 12. Bf3 Bb7 13. Qc2 Re8 14. Rad1 a6 15.
Nd5 Nxd5 16. cxd5 Rc8 17. Qb1 Rc7 18. Bxb6 Qd7 19. Bxc7 Qxc7 20. Rc1 Qb8 21. Rc3
a5 22. Qd3 Qa8 23. Rfc1 Ba6 24. Qd2 Kf8 25. Be2 Bxe2 26. Qxe2 a4 27. a3 Qb8 28.
Qa6 Qxb2 29. Rc8 Rxc8 30. Re1 Rc1 31. Rf1 Rxf1+ 32. Qxf1 Qxa3 33. h3 Bf6 0-1

[Event "AUTO-OPEN-1393"]
[Site "http://www.queenalice.com/game.php?id=518455"]
[Date "2009.1.7"]
[Round "1"]
[White "THE_RANGER"]
[Black "Molli_Jaschin"]
[Result "0-1"]
[WhiteElo "1423"]
[BlackElo "1711"]

1. d4 Nf6 2. c4 c5 3. d5 b5 4. cxb5 a6 5. bxa6 Bxa6 6. Nc3 d6 7. e4 Bxf1 8. Kxf1
g6 9. Nf3 Bg7 10. g3 O-O 11. Kg2 Nbd7 12. h3 Qa5 0-1

[Event "AUTO-OPEN-1393"]
[Site "http://www.queenalice.com/game.php?id=518456"]
[Date "2009.1.7"]
[Round "1"]
[White "Molli_Jaschin"]
[Black "wallt"]
[Result "1-0"]
[WhiteElo "1799"]
[BlackElo "1894"]

1. e4 e5 2. Nf3 Nc6 3. Bb5 Qf6 4. O-O Bc5 5. Nc3 Nd4 6. Nxd4 Bxd4 7. Nd5 Qd6 8.
c3 c6 9. Qg4 g6 10. cxd4 cxd5 11. dxe5 Qxe5 12. d3 Nf6 13. Qf4 Qxf4 14. Bxf4 O-O
15. Rfe1 a6 16. Ba4 b5 17. Bb3 dxe4 18. dxe4 Re8 19. e5 Nh5 20. Bg5 Bb7 21. Rac1
a5 22. Rc7 Bc6 23. Bd1 Ng7 24. Bg4 Ne6 25. Bxe6 Rxe6 26. Bf6 Rb8 27. a3 b4 28.
axb4 Kf8 29. bxa5 Ke8 30. f4 Kf8 31. a6 h6 32. a7 Rxb2 33. Rxc6 Re8 34. Rd6 Rb7
35. Ra1 Ra8 36. Rda6 Kg8 37. Kf2 Kh7 38. Ke3 h5 39. h3 Rb4 40. Rd1 Rb7 41. Rda1
Kg8 42. g3 Kf8 43. Kf3 Kg8 44. g4 Kh7 45. Be7 Kg8 46. gxh5 gxh5 47. f5 Kg7 48.
Rg1+ Kh7 49. Bc5 Rc7 50. Be3 d6 51. exd6 Rd7 52. Rb1 f6 53. Rb8 Raxa7 54. Rxa7
Rxa7 55. Bxa7 Kg7 56. d7 1-0

[Event "AUTO-OPEN-1393"]
[Site "http://www.queenalice.com/game.php?id=518457"]
[Date "2009.1.7"]
[Round "1"]
[White "wallt"]
[Black "Molli_Jaschin"]
[Result "0-1"]
[WhiteElo "1915"]
[BlackElo "1778"]

1. d4 Nf6 2. Bf4 e6 3. Nc3 Bb4 4. Qd3 Nc6 5. a3 Bxc3+ 6. bxc3 d5 7. g3 Bd7 8.
Bg2 O-O 9. Nf3 Re8 10. O-O Ne7 11. Ng5 h6 12. Nf3 Ng6 13. Bd2 Ne4 14. a4 Nxd2
15. Qxd2 b6 16. Ne5 Nxe5 17. dxe5 c5 18. c4 Bc6 19. cxd5 Bxd5 20. e4 Bc6 21. Qe3
Qd4 22. Qxd4 cxd4 23. Rfe1 Red8 24. Ra3 a6 25. Rd1 Kf8 26. Rd2 Ke7 27. Rdd3 b5
28. a5 Rab8 29. Rd2 f6 30. Rad3 fxe5 31. Rd1 b4 32. Rb1 Ba4 33. Rb2 Rb5 34. Rf3
Rxa5 35. Bf1 Rf8 36. Rxf8 Kxf8 37. Bd3 Bc6 38. Rxb4 Ke7 39. Rc4 Kd6 40. Kg2 Rc5
41. f3 a5 42. Kf2 Rxc4 43. Bxc4 a4 44. Ke2 a3 45. Kd1 g5 46. Kc1 Ba4 47. Kb1 Kc5
48. Bxe6 Kb4 49. Kc1 Kc3 50. h4 Bxc2 51. hxg5 hxg5 52. Bc4 d3 53. Bxd3 Bxd3 54.
f4 gxf4 55. gxf4 a2 56. fxe5 a1=Q# 0-1

[Event "AUTO-INT-1078"]
[Site "http://www.queenalice.com/game.php?id=558450"]
[Date "2009.3.19"]
[Round "2"]
[White "guerraitapira"]
[Black "Molli_Jaschin"]
[Result "0-1"]
[WhiteElo "1801"]
[BlackElo "1765"]

1. e4 e5 2. Nf3 Nc6 3. Bb5 a6 4. Bxc6 dxc6 5. Nxe5 Qd4 6. Nf3 Qxe4+ 7. Qe2 Qxe2+
8. Kxe2 Bg4 9. h3 Bf5 10. d3 O-O-O 11. Re1 Re8+ 12. Kf1 Rxe1+ 13. Kxe1 Bd6 14.
Ng5 Bg6 15. Be3 Nf6 16. Nd2 Re8 17. Kd1 h6 18. Ngf3 Nd5 19. Nc4 b5 20. Nxd6+
cxd6 21. Bd4 f6 22. Kd2 Nf4 23. Nh4 Re2+ 24. Kc3 Bf7 25. b3 c5 26. Nf5 Nd5+ 27.
Kb2 cxd4 28. Nxd6+ Kd7 29. Nxf7 Rxf2 30. Rg1 Nb4 31. Rc1 Nxd3+ 32. Kb1 Nxc1 33.
Kxc1 Rxg2 34. Nh8 Ke7 35. h4 Rh2 36. Ng6+ Kf7 37. Nf4 Rxh4 38. Nd3 g5 39. b4 g4
40. Nc5 g3 41. Nxa6 g2 42. Nc7 g1=Q+ 43. Kb2 d3 0-1

[Event "AUTO-INT-1078"]
[Site "http://www.queenalice.com/game.php?id=558451"]
[Date "2009.3.19"]
[Round "2"]
[White "Molli_Jaschin"]
[Black "guerraitapira"]
[Result "1-0"]
[WhiteElo "1733"]
[BlackElo "1811"]

1. e4 e5 2. Nf3 d6 3. d4 Bg4 4. dxe5 Bxf3 5. Qxf3 dxe5 6. Bc4 Qd7 7. O-O Nc6 8.
Nc3 Nd4 9. Qg3 f6 10. Be3 Nxc2 11. Rad1 Nd4 12. Bxd4 exd4 13. Nb5 Bd6 14. Nxd6+
cxd6 15. Rxd4 O-O-O 16. Rfd1 Ne7 17. Rxd6 Qc7 18. Rxd8+ Rxd8 19. Be6+ Kb8 20.
Rxd8+ Nc8 21. Rxc8# 1-0

[Event "AUTO-INT-1078"]
[Site "http://www.queenalice.com/game.php?id=558452"]
[Date "2009.3.19"]
[Round "2"]
[White "mizu"]
[Black "Molli_Jaschin"]
[Result "1/2-1/2"]
[WhiteElo "1690"]
[BlackElo "1782"]

1. e4 e5 2. Nf3 Nc6 3. Bb5 a6 4. Ba4 Nf6 5. O-O Be7 6. Bxc6 dxc6 7. Nxe5 Nxe4 8.
Re1 Nf6 9. d3 O-O 10. Nc3 Be6 11. Ne4 Nxe4 12. dxe4 Qxd1 13. Rxd1 Rad8 14. Be3
Bf6 15. Bf4 Rxd1+ 16. Rxd1 Bxa2 17. Nd7 Re8 18. Nxf6+ gxf6 19. f3 Be6 20. Bxc7
Kg7 21. Bb6 f5 22. exf5 Bxf5 23. c3 Re2 24. c4 Kg6 25. c5 Rxb2 26. Re1 Kf6 27.
g4 Bg6 28. f4 h5 29. g5+ Kf5 30. Rf1 Kg4 31. Re1 Kxf4 32. Re7 Kxg5 33. Rxb7 Rb1+
34. Kg2 Be4+ 35. Kf2 Rb2+ 36. Ke3 Kf5 37. Rxf7+ Ke5 38. Re7+ Kf5 39. Kd4 Bd5 40.
Re5+ Kf4 41. Rxh5 Rb4+ 42. Kc3 Rb3+ 43. Kc2 Ke4 44. h4 Rh3 45. Kd2 Kd4 1/2-1/2

[Event "AUTO-INT-1078"]
[Site "http://www.queenalice.com/game.php?id=558453"]
[Date "2009.3.19"]
[Round "2"]
[White "Molli_Jaschin"]
[Black "mizu"]
[Result "1-0"]
[WhiteElo "1752"]
[BlackElo "1688"]

1. e4 e5 2. Nf3 Nc6 3. Bc4 Nf6 4. d3 d6 5. Ng5 d5 6. exd5 Nxd5 7. Qf3 Be6 8. Nc3
Bb4 9. Nxe6 fxe6 10. Bd2 Qd7 11. Nxd5 exd5 12. Bxd5 Bxd2+ 13. Kxd2 O-O-O 14.
Bxc6 Qxc6 15. Qxc6 bxc6 16. Rhe1 Rhe8 17. Re3 Rd7 18. Rae1 Rd5 19. c4 Rc5 20. b4
1-0

[Event "AUTO-OPEN-1393"]
[Site "http://www.queenalice.com/game.php?id=628267"]
[Date "2009.8.1"]
[Round "2"]
[White "lcf64"]
[Black "Molli_Jaschin"]
[Result "0-1"]
[WhiteElo "2108"]
[BlackElo "1823"]

1. Nf3 d5 2. g3 Nf6 3. Bg2 c6 4. O-O Bg4 5. d3 Nbd7 6. Nbd2 e5 7. e4 Bd6 8. h3
Bh5 9. g4 Bg6 10. Nh4 O-O 11. Nxg6 fxg6 12. exd5 Nxd5 13. Ne4 Bc7 14. Ng5 Qe7
15. Ne4 b6 16. Bg5 Qb4 17. Bd2 Qxb2 18. Ng5 Rfe8 19. Bxd5+ cxd5 20. Qf3 Nf6 21.
Qe2 h6 22. Nf3 e4 23. Nh4 Kh7 24. c3 Bf4 25. Rfd1 Bxd2 26. Qxd2 Qxd2 27. Rxd2
Rac8 28. Rc1 exd3 29. Rxd3 Re2 30. a4 Ra2 31. Rd4 Rc4 32. Rxc4 dxc4 33. f3 Rxa4
34. Ng2 Nd5 0-1

[Event "AUTO-OPEN-1393"]
[Site "http://www.queenalice.com/game.php?id=628268"]
[Date "2009.8.1"]
[Round "2"]
[White "Molli_Jaschin"]
[Black "lcf64"]
[Result "0-1"]
[WhiteElo "1850"]
[BlackElo "1964"]

1. e4 c5 2. Nf3 Nc6 3. d4 cxd4 4. Nxd4 Nf6 5. Nc3 e6 6. Ndb5 d6 7. Bf4 e5 8. Bg5
a6 9. Na3 b5 10. Bxf6 gxf6 11. Nd5 Be6 12. Be2 Rg8 13. O-O Bh3 14. Bf3 Nd4 15.
Ne3 Bh6 16. c3 Nxf3+ 17. Qxf3 Qd7 18. Kh1 Bg4 19. Nxg4 Qxg4 20. Qxg4 Rxg4 21. f3
Rg6 22. Rad1 Ke7 23. Nc2 a5 24. Rd5 Rb8 25. Rfd1 Rb6 26. g3 f5 27. exf5 Rg8 28.
g4 Bf4 29. h3 h5 30. Kg2 hxg4 31. fxg4 f6 32. Na3 Rgb8 33. Kf3 Rh8 34. Kg2 Rhb8
35. Nc2 Rc8 36. R1d3 Rc5 37. b4 Rxd5 38. Rxd5 a4 0-1

[Event "AUTO-OPEN-1393"]
[Site "http://www.queenalice.com/game.php?id=764981"]
[Date "2010.4.23"]
[Round "3"]
[White "Molli_Jaschin"]
[Black "lcf64"]
[Result "0-1"]
[WhiteElo "1820"]
[BlackElo "1965"]

1. e4 c5 2. Nf3 Nc6 3. d4 cxd4 4. Nxd4 Nf6 5. Nxc6 bxc6 6. Nc3 Bb7 7. Bg5 d6 8.
e5 dxe5 9. Bxf6 exf6 10. Qxd8+ Rxd8 11. Rd1 Rxd1+ 12. Kxd1 Bb4 13. Ne4 Be7 14.
Bc4 Bc8 15. Ke2 f5 16. Nc3 Bf6 17. Rd1 Ke7 18. b4 Be6 19. Bxe6 Kxe6 0-1

[Event "AUTO-OPEN-1393"]
[Site "http://www.queenalice.com/game.php?id=764982"]
[Date "2010.4.23"]
[Round "3"]
[White "lcf64"]
[Black "Molli_Jaschin"]
[Result "1-0"]
[WhiteElo "1954"]
[BlackElo "1831"]

1. e4 e5 2. f4 exf4 3. Nf3 g5 4. Bc4 Bg7 5. d4 d6 6. O-O Nc6 7. c3 Nf6 8. Nxg5
O-O 9. Bxf4 Qe7 10. Nd2 Bg4 11. Qc2 h6 12. Ngf3 Rfe8 13. Rae1 Qd7 14. Bb5 a6 15.
Bd3 d5 16. e5 Nh5 17. Be3 Bxf3 18. Nxf3 f6 19. Bg6 fxe5 20. Bxh5 Re7 21. dxe5
1-0

[Event "AUTO-OPEN-1393"]
[Site "http://www.queenalice.com/game.php?id=764983"]
[Date "2010.4.23"]
[Round "3"]
[White "Molli_Jaschin"]
[Black "montelo"]
[Result "0-1"]
[WhiteElo "1839"]
[BlackElo "2129"]

1. e4 e5 2. Nf3 Nc6 3. Bb5 Qf6 4. O-O d6 5. d3 Be7 6. Bg5 Qg6 7. Bxc6+ bxc6 8.
Bxe7 Nxe7 9. Nc3 Bh3 10. g3 Bxf1 11. Kxf1 O-O 12. Nh4 Qe6 13. Qf3 Qh3+ 14. Qg2
Qc8 15. Nf3 Qb7 16. Rb1 c5 17. b3 Nc6 18. Nd5 a5 19. Qh3 Rfe8 20. c3 a4 21. b4
cxb4 22. Nxb4 Nxb4 23. Rxb4 Qa6 24. c4 Qa5 25. Rb1 Qc3 26. Rd1 Qc2 27. Rd2 Qb1+
28. Ke2 Rab8 29. Qf1 h6 30. Qxb1 Rxb1 31. Rd1 Rb2+ 32. Rd2 Reb8 33. a3 Rxd2+ 34.
Kxd2 Rb3 0-1

[Event "AUTO-OPEN-1393"]
[Site "http://www.queenalice.com/game.php?id=764984"]
[Date "2010.4.23"]
[Round "3"]
[White "montelo"]
[Black "Molli_Jaschin"]
[Result "1-0"]
[WhiteElo "2132"]
[BlackElo "1835"]

1. e4 e5 2. Qh5 Nc6 3. Qd1 Nf6 4. Nc3 Bb4 5. Qf3 d6 6. h3 Nd4 7. Qd3 Be6 8. Na4
b5 9. c3 Bxc3 10. Nxc3 O-O 11. Nxb5 Nxb5 12. Qxb5 Rb8 13. Qa4 Ra8 14. d3 Qd7 15.
Qc2 Rab8 16. Be3 c5 17. Nf3 Qb5 18. b3 Qb4+ 19. Nd2 a5 20. Be2 Rfe8 21. Bg5 Nd7
22. O-O f6 23. Be3 Nb6 24. Nc4 Nxc4 25. dxc4 Qb7 26. Qd3 Bf7 27. Bd2 h6 28. Qg3
Qxe4 29. Bxh6 Qg6 30. Qxg6 Bxg6 31. Bd2 Rbd8 32. Bxa5 Bf7 33. Bxd8 Rxd8 34. a4
d5 35. a5 dxc4 36. bxc4 1-0